Thiền
Bạn thấy cuộc sống có quá nhiều điều cần tiếp xúc, cần tìm hiểu và bạn muốn tìm hiểu ngay cả chính trong bản thân mình. Thiền là phương pháp để bạn đạt được ý muốn đó.
Guardat en:
| Autor principal: | |
|---|---|
| Format: | Llibre |
| Idioma: | Vietnamese |
| Publicat: |
Đà Nẵng
NXB Đà Nẵng
2016
|
| Col·lecció: | Hạt giống nảy mầm
|
| Matèries: | |
| Etiquetes: |
Afegir etiqueta
Sense etiquetes, Sigues el primer a etiquetar aquest registre!
|
| Thư viện lưu trữ: | Thư viện Trường Đại học Nam Cần Thơ |
|---|
| LEADER | 01039nam a22002057a 4500 | ||
|---|---|---|---|
| 001 | NCT_71031 | ||
| 008 | 190925b xxu||||| |||| 00| 0 vie d | ||
| 999 | |c 3456 |d 3456 | ||
| 020 | |a 9786048415297 |c 35000 | ||
| 082 | 0 | 4 | |2 23rd ed. |a 158.128 |b Gi106 |
| 100 | 1 | |a Nguyễn Trường Giang | |
| 245 | 1 | 0 | |a Thiền |c Nguyễn Trường Giang |
| 260 | |a Đà Nẵng |b NXB Đà Nẵng |c 2016 | ||
| 300 | |a 123 tr. |b minh họa |c 21cm | ||
| 490 | 0 | |a Hạt giống nảy mầm | |
| 520 | 3 | |a Bạn thấy cuộc sống có quá nhiều điều cần tiếp xúc, cần tìm hiểu và bạn muốn tìm hiểu ngay cả chính trong bản thân mình. Thiền là phương pháp để bạn đạt được ý muốn đó. | |
| 653 | |a Sách tham khảo | ||
| 942 | |2 ddc |c BK | ||
| 952 | |0 0 |1 0 |2 ddc |4 0 |6 158_128000000000000_GI106 |7 0 |9 18018 |a 000001 |b 000001 |d 2019-09-25 |o 158.128 Gi106 |p TK.00597 |r 2019-09-25 |v 35000.00 |w 2019-09-25 |y BK | ||
| 980 | |a Thư viện Trường Đại học Nam Cần Thơ | ||


